000 00545nam a22001817a 4500
008 150528b xxu||||| |||| 00| 0 eng d
020 _a9780071633567
041 _aeng
080 _a004
100 1 _aDwivedi, Himanshu.
245 1 0 _aMobile application security /
_cHimanshu Dwivedi, Chris Clark, David Thiel.
260 _aNew York :
_bMcGraw-Hill,
_cc2010.
300 _axxii, 408 f. :
_bme ill. ;
_c24 cm.
650 _aMobile computing
_xSecurity measures.
700 1 _aClark, Chris,
_d1980-
700 1 _aThiel, David V.
942 _2udc
_cBK
999 _c919
_d919